The return of depression economics : and the crisis of 2008

Guardat en:
Dades bibliogràfiques
Autor principal: Krugman, Paul R.
Format: Llibre
Publicat: Norton
Etiquetes: Afegir etiqueta
Sense etiquetes, Sigues el primer a etiquetar aquest registre!

MARC

LEADER 00000nam a2200000Ia 4500
005 20260515061616.0
100 |a Krugman, Paul R. 
020 |a 9780393337808 
942 |c BK 
245 |a The return of depression economics : and the crisis of 2008  
260 |b Norton 
999 |c 45  |d 45 
952 |0 0  |1 0  |4 0  |7 0  |a ABDN  |b ABDN  |d 2026-05-15  |l 0  |p 000064  |r 2026-05-15 06:16:16  |w 2026-05-15  |y BK